Santa's Reindeers' Names - Statistics

General Stats
  • This quiz has been taken 223 times
    200 since last reset
  • The average score is 8 of 9
Answer Stats
Answer % Correct
Prancer
90%
Rudolph
89%
Dancer
86%
Blitzen
85%
Dasher
83%
Comet
82%
Donder
82%
Cupid
80%
Vixen
80%
No matching quizzes found
Score Distribution
Percent of People with Each Score
Percentile by Number Answered
Your Score History
You have not taken this quiz since the last reset